000 00752nam a2200229 i 4500
001 124745
003 ES-MaACL
005 20230906192504.0
007 t|
008 070418s1924 sp ||||1| spa d
080 _a860-221"19"
100 1 _aFernández del Villar, José.
_949736
245 1 3 _aEl paso del camello
_b: comedia en tres actos /
_coriginal de José Fernández del Villar.
260 _a[Madrid :
_bLa Novela Teatral,
_c1924]
300 _a20 h. ;
_c20 cm.
490 1 _aLa novela teatral ;
_v398
500 _aEn la cub. caricatura de Mario Vitoria por Tovar.
700 0 _aTovar
_c, ilustrador.
_9157378
830 0 _aLa novela teatral ;
_v398
_9122427
852 _aES-MaACL
_j2216-F-44
_bR.138818
999 _c124745
_d124745